Primideale in Einhullenden auflosbarer Lie-Algebren : (Beschreibung durch Bahnenraume) /

Bibliographic Details
Main Author: Borho, Walter
Other Authors: Gábriel, Péter, Rentschler, Rudolf
Format: Book
Language:German
Published: Berlin, New York : Springer-Verlag, 1973.
Series:Lecture notes in mathematics (Springer-Verlag) ; 357.
Subjects:

MARC

Tag First Indicator Second Indicator Subfields
LEADER 00000cam a2200000 4500
001 in00000677213
005 20151016050804.0
008 740925s1973 wb b 00010 ger u
010 |a  73019033  
035 |a (OCoLC)01020905 
035 |9 ADA7049AM 
040 |c TOL  |d TXA  |d UtOrBLW 
049 |a TXAM  |c [1337926] 
050 0 0 |a QA3  |b .L28 no. 357 
100 1 |a Borho, Walter. 
245 1 0 |a Primideale in Einhullenden auflosbarer Lie-Algebren :  |b (Beschreibung durch Bahnenraume) /  |c [von] Walter Borho, Peter Gabriel [und] Rudolf Rentschler. 
264 1 |a Berlin,  |a New York :  |b Springer-Verlag,  |c 1973. 
300 |a 182 pages ;  |c 25 cm. 
336 |a text  |b txt  |2 rdacontent 
337 |a unmediated  |b n  |2 rdamedia 
338 |a volume  |b nc  |2 rdacarrier 
490 1 |a Lecture notes in mathematics, 357 
504 |a Bibliography: pages 174-177. 
650 0 |a Lie algebras. 
650 0 |a Ideals (Algebra) 
700 1 |a Gábriel, Péter. 
700 1 |a Rentschler, Rudolf. 
830 0 |a Lecture notes in mathematics (Springer-Verlag) ;  |v 357. 
999 |a MARS 
999 f f |s a8e1c17a-c669-3b87-af82-ff0b25fe9229  |i 67ff4774-1f38-3e46-974c-7a6813c30a7b  |t 0 
952 f f |p ric  |a Texas A&M University  |b Rellis Campus  |c Joint Library Facility  |d Remote Storage  |t 0  |e QA3 .L28 no. 357  |h Library of Congress classification  |i unmediated -- volume  |m A14804424041 
998 f f |a QA3 .L28 no. 357  |t 0  |l Remote Storage